Представление документа в формате RUSMARC

ПолеНазваниеЗначение
  Тип записи a
  Библиографический уровень a
001 Контрольный номер UONB/MAIN/573eadf77d294edea9a4ca0a4816a476
005 Дата корректировки 20260408150450.5
100 Данные общей обработки __
a Данные общей обработки 20260408 ||| 0rusy0189 ca
101 Язык документа 0_
a Язык текста rus
102 Страна публикации __
a Страна публикации RU
200 Заглавие и сведения об ответственности 1_
a Заглавие Развитие педагогической культуры родителей в условиях партнерского взаимодействия с ДОО
f Первые сведения об ответственности М. Ю. Стожарова, М. С. Свиязова
203 Вид содержания и тип средства __
a Вид содержания Текст
c Тип средства непосредственный
215 Физическое описание __
c Иллюстрации/тип воспроизводства ил.
225 Серия 1_
a Серия В фокусе семья
225 Серия 1_
a Серия Формы взаимодействия с семьей
320 Библиография __
a Библиография Библиогр.: с. 53 (15 назв.)
330 Аннотация __
a Аннотация Рассматривается актуальность взаимодействия дошкольной образовательной организации и семьи. Раскрывается сущность понятия "педагогическая культура родителей". Обоснованы практические методы взаимодействия и сотрудничества родителей (законных представителей) и детского сада. Представлен сценарий мероприятия, направленного на формирование семейных духовно-нравственных ценностей.
333 Примечание о целевом назначении __
a Примечание о целевом назначении 0+
461 Уровень набора _0
1 2000
a Дошкольное воспитание
1 011
a 0012-561X
463 Уровень физической единицы _0
1 2000
a № 1
v С. 49-53
1 2101
d 2026
1 001UONB/MAIN/90fe6499ba09496fbb99bb4080cff8e6
606 Тематические рубрики 0_
a Основная рубрика Образование. Педагогика
606 Тематические рубрики 0_
a Основная рубрика Дошкольная педагогика
610 Ключевые слова 0_
a Ключевые слова дошкольники
610 Ключевые слова 0_
a Ключевые слова дети дошкольного возраста
610 Ключевые слова 0_
a Ключевые слова семьи дошкольников
610 Ключевые слова 0_
a Ключевые слова родители дошкольников
610 Ключевые слова 0_
a Ключевые слова дошкольные образовательные организации
610 Ключевые слова 0_
a Ключевые слова детские сады
610 Ключевые слова 0_
a Ключевые слова сотрудничество семьи и ДОО
610 Ключевые слова 0_
a Ключевые слова взаимодействие с родителями
610 Ключевые слова 0_
a Ключевые слова взаимодействие с семьей
610 Ключевые слова 0_
a Ключевые слова педагогическая культура родителей
610 Ключевые слова 0_
a Ключевые слова тренинги для родителей
610 Ключевые слова 0_
a Ключевые слова семейное воспитание
610 Ключевые слова 0_
a Ключевые слова духовно-нравственные ценности
686 Индексы других классификаций __
2 Код системы rubbk
700 Автор _1
a Фамилия Стожарова
b Имя (инициалы) М. Ю.
g Полное личное имя Марина Юрьевна
p Наименование/ адрес организации ФГБОУ ВО "Ульяновский государственный педагогический университет им. И. Н. Ульянова"
4 Код отношения 070
c Титул (звания) кандидат педагогических наук
c Титул (звания) профессор кафедры дошкольного и начального общего образования
701 Альтернативная интеллектуальная ответственность _1
a Фамилия Свиязова
b Имя (инициалы) М. С.
4 Код отношения 070
c Титул (звания) педагог-психолог
g Полное личное имя Мария Сергеевна
p Наименование/ адрес организации МБДОУ д/с №128 (г. Ульяновск)
801 Источник записи _0
a Страна RU
b Организация Ульяновская ОНБ
c Дата составления 20230614
g Правила каталогизации RCR
801 Источник записи _1
a Страна RU
b Организация Ульяновская ОНБ
c Дата составления 20230614
g Правила каталогизации RCR
901 Тип документа __
t Тип документа b
w Контрольный № источника UONB/MAIN/90fe6499ba09496fbb99bb4080cff8e6